Nos tratamos bien (Record no. 662)
[ view plain ]
| 000 -CABECERA | |
|---|---|
| campo de control de longitud fija | 01098nam a22002774c 4500 |
| 003 - IDENTIFICADOR DE NUMERO DE CONTROL | |
| campo de control | AR-BaSMT |
| 008 - CAMPOS DE LONGITUD FIJA | |
| campo de control de longitud fija | 250902t2025 aga|||ar|||| 00| 1 spa d |
| 020 ## - ISBN: Indicadores indefinidos | |
| Número ISBN | 9786316592828 |
| 040 ## - FUENTE DE CATALOGACION | |
| Agencia de catalogación original | BSGB |
| Idioma de catalogación | español |
| Convenciones de la descripción | rda |
| 041 1# - CODIGO DE IDIOMA | |
| Código idioma | spa |
| Idioma original | español |
| 080 ## - CDU | |
| CDU completo | 82-34 |
| 100 1# - PUNTO DE ACCESO PRINCIPAL | |
| Nombre de persona | Serrano, Lucía |
| Enlace autoridades | 494 |
| 245 10 - MENCION DE TITULO | |
| Título | Nos tratamos bien |
| 250 ## - MENCION DE EDICION | |
| Mención de edición | primera edición. |
| 264 ## - PRODUCCIÓN, PUBLICACIÓN, DISTRIBUCIÓN, ETC. | |
| Lugar de publicación, etc. | Buenos Aires : |
| Nombre editor. | Beascoa, |
| Fecha | 2025. |
| 300 ## - DESCRIPCION FISICA | |
| Extensión | 24 páginas : |
| Otros detalles físicos | Ilustraciones a color, páginas de cartón. |
| 336 ## - TIPO DE CONTENIDO | |
| texto | Texto. |
| 337 ## - TIPO DE MEDIO | |
| sin mediación | Sin Mediación. |
| 338 ## - TIPO DE SOPORTE | |
| volumen | Volúmen. |
| 520 1# - NOTA DE SUMARIO, RESUMEN, ETC. | |
| Toda la nota | Eres una persona única en el mundo. Las niñas y los niños de tu clase también lo son. ¡Somo todos diferentes!<br/>Pero ¿sabes qué tenemos en común? Que a todas las personas nos gusta que nos traten bien. Y para ello hay ciertas cosas que debemos saber. Con este libro apenderás que tratarnos bien es la norma más importante del Planeta Tierra. |
| 521 ## - NOTA DE PÚBLICO DESTINATARIO | |
| Nota de audiencia | Jardín |
| 650 #7 - PUNTO DE ACCESO ADICIONAL DE MATERIA – TÉRMINO TEMÁTICO | |
| Enlace autoridades | 8 |
| Término de materia o nombre geográfico como elemento de entrada | LITERATURA INFANTIL |
| Subdivisión de forma | Cuento |
| 700 1# - PUNTO DE ACCESO ADICIONAL – NOMBRE DE PERSONA | |
| Apellido, Nombre | Serrano, Lucía |
| Término relacionador: | Ilustradora |
| Enlace autoridades | 494 |
| 942 ## - ELEMENTOS AGREGADOS (KOHA) | |
| CDU | Clasificación decimal universal |
| Tipo de ítem | Libros |
| Disponible | Perdido | Fuente de clasificación | Estado | Ubicación permanente | Locación actual | Estante o sala | Fuente de adquisición | Número de inventario | Total préstamos | Signatura topográfica | Código de barras | Numero de ejemplar | Tipo de item de Koha | Calificador de localización códificado |
|---|---|---|---|---|---|---|---|---|---|---|---|---|---|---|
| Clasificación Decimal Dewey | Biblioteca Susana G. De Batemarco | Biblioteca Susana G. De Batemarco | Jardín | Compra feria del libro 2026 | 000987 | 82-34 DIO | 000987 | 1 | Libros |
